Normal view MARC view

Entry Personal Name

Number of records used in: 1

001 - CONTROL NUMBER

  • control field: 161675

003 - CONTROL NUMBER IDENTIFIER

  • control field: OSt

005 - DATE AND TIME OF LATEST TRANSACTION

  • control field: 20220923211910.0

008 - FIXED-LENGTH DATA ELEMENTS

  • fixed length control field: 220923|| aca||aabn | a|a d

040 ## - CATALOGING SOURCE

  • Original cataloging agency: OSt
  • Transcribing agency: OSt

100 ## - HEADING--PERSONAL NAME

  • Personal name: मूर, जॉर्ज एडवर्ड; वर्मा, अशोक कुमार, अनु; झा, हरिमोहन, सम्प

670 ## - SOURCE DATA FOUND

  • Source citation: Work cat.: (OSt)304452: मूर, जॉर्ज एडवर्ड; वर्मा, अशोक कुमार, अनु; झा, हरिमोहन, सम्प, नीति शास्त्र मीमांसा, 1973
Copyright @ Delhi University Library System